000 00514nam a2200181Ia 4500
005 20250326141353.0
008 250326s9999 xx 000 0 und d
037 _aTextbook
040 _aFMSL
_beng
_cFMSL
041 _aeng
_2eng
084 _qFMSL
100 _aAll India Mgt Assn.
_9744295
245 0 _aSmall Industry management Development Training models : 7 parts.
_cAll India Mgt Assn.
260 _aNew Delhi
_bNew Delhi, AIMA
_c1991
300 _aV..
942 _cTB
999 _c1289991
_d1289991